<?xml version="1.0" encoding="UTF-8"?><?xml-stylesheet type="text/xsl" href="static/style.xsl"?><OAI-PMH xmlns="http://www.openarchives.org/OAI/2.0/" xmlns:xsi="http://www.w3.org/2001/XMLSchema-instance" xsi:schemaLocation="http://www.openarchives.org/OAI/2.0/ http://www.openarchives.org/OAI/2.0/OAI-PMH.xsd"><responseDate>2026-04-14T06:39:46Z</responseDate><request verb="GetRecord" identifier="oai:www.recercat.cat:10230/55474" metadataPrefix="marc">https://recercat.cat/oai/request</request><GetRecord><record><header><identifier>oai:recercat.cat:10230/55474</identifier><datestamp>2025-12-22T13:34:02Z</datestamp><setSpec>com_2072_6</setSpec><setSpec>col_2072_452952</setSpec></header><metadata><record xmlns="http://www.loc.gov/MARC21/slim" xmlns:dcterms="http://purl.org/dc/terms/" xmlns:xsi="http://www.w3.org/2001/XMLSchema-instance" xmlns:doc="http://www.lyncode.com/xoai" xsi:schemaLocation="http://www.loc.gov/MARC21/slim http://www.loc.gov/standards/marcxml/schema/MARC21slim.xsd">
   <leader>00925njm 22002777a 4500</leader>
   <datafield ind2=" " ind1=" " tag="042">
      <subfield code="a">dc</subfield>
   </datafield>
   <datafield ind2=" " ind1=" " tag="720">
      <subfield code="a">Julià, Mireia</subfield>
      <subfield code="e">author</subfield>
   </datafield>
   <datafield ind2=" " ind1=" " tag="720">
      <subfield code="a">Méndez-Rivero, Fabrizio</subfield>
      <subfield code="e">author</subfield>
   </datafield>
   <datafield ind2=" " ind1=" " tag="720">
      <subfield code="a">Gómez-Gómez, Àlex</subfield>
      <subfield code="e">author</subfield>
   </datafield>
   <datafield ind2=" " ind1=" " tag="720">
      <subfield code="a">Pozo Mendoza, Óscar J., 1975-</subfield>
      <subfield code="e">author</subfield>
   </datafield>
   <datafield ind2=" " ind1=" " tag="720">
      <subfield code="a">Bolíbar, Mireia</subfield>
      <subfield code="e">author</subfield>
   </datafield>
   <datafield ind2=" " ind1=" " tag="260">
      <subfield code="c">2023-01-30T07:47:46Z</subfield>
   </datafield>
   <datafield ind2=" " ind1=" " tag="260">
      <subfield code="c">2023-01-30T07:47:46Z</subfield>
   </datafield>
   <datafield ind2=" " ind1=" " tag="260">
      <subfield code="c">2022</subfield>
   </datafield>
   <datafield ind2=" " ind1=" " tag="520">
      <subfield code="a">Precarious employment has been highlighted as a social determinant of health, given, among others, to its alleged association with chronic stress. However, few studies have been conducted analyzing such association, using both perceived stress indicators and biological markers. Accordingly, the present study analyzed the association of multidimensional (6 dimensions) precarious employment scale with perceived stress and 23 markers of adrenal and gonadal hormone production, including cortisol. The sample consisted of 255 salaried workers from Barcelona (125 men, 130 women) aged 25-60. OLS regression models stratified by sex were conducted. Results demonstrated that precarious employment increased the probabilities of having perceived stress in both sexes. In addition, the production of adrenal hormones among men is associated with precarious wages and among women with precarious contracts (&amp;quot;Temporariness&amp;quot;, &amp;quot;Disempowerment&amp;quot;, and &amp;quot;Rights&amp;quot; dimensions). Therefore, precarious employment could be embodied by workers, altering their perceived well-being and physiological characteristics. Differences between men and women in the physiological effect of precarious employment could express not just the biochemical differences inherent to biological sex, but also the social construction of gender identities, positions and roles in society and family, as well as gender inequalities in the labour market.</subfield>
   </datafield>
   <datafield ind2=" " ind1=" " tag="520">
      <subfield code="a">This research was funded by the Spanish Ministry of Science and Innovation under grant agreement N° CSO2017-89719-R (AEI/FEDER, UE). FMR is funded by National Research and Innovation Agency (ANII) of Uruguay under the code POS_EXT_2018_1_153741.</subfield>
   </datafield>
   <datafield tag="653" ind2=" " ind1=" ">
      <subfield code="a">Chronic stress</subfield>
   </datafield>
   <datafield tag="653" ind2=" " ind1=" ">
      <subfield code="a">Cortisol</subfield>
   </datafield>
   <datafield tag="653" ind2=" " ind1=" ">
      <subfield code="a">Gender</subfield>
   </datafield>
   <datafield tag="653" ind2=" " ind1=" ">
      <subfield code="a">Precarious employment</subfield>
   </datafield>
   <datafield tag="653" ind2=" " ind1=" ">
      <subfield code="a">Social determinants of health</subfield>
   </datafield>
   <datafield ind2="0" ind1="0" tag="245">
      <subfield code="a">Association between precarious employment and chronic stress: Effect of gender, stress measurement and precariousness dimensions-A cross-sectional study</subfield>
   </datafield>
</record></metadata></record></GetRecord></OAI-PMH>